000 00549nam a2200181 a 4500
001 000043053
005 20201002040613.0
008 140218s1982 caua 000 0 spa d
020 _a0960068880
040 _aDO-SdBNP
_bspa
_cBNPHU
082 _axxx
_bxxx
100 1 _aKeyes, Ken
_970577
245 1 0 _aHandbook to higher consciousness /
_cKen Keyes, Jr.
250 _a6a ed,
260 _aBerkeley, California :
_bLiving Love Center,
_c1982.
300 _axvi, 215 p. :
_bil. ;
_c22 cm.
500 _aFirst-2d ed. published under title: Living love.
999 _c42542
_d42542